Principles of Heating, Ventilation, and Air Conditioning in Buildings /

Guardado en:
Detalles Bibliográficos
Otros Autores: Mitchell, William John Thomas (Compilador)
Formato: Libro
Lenguaje:inglés
Publicado: John Wiley and Sons 2013
Materias:
Etiquetas: Agregar Etiqueta
Sin Etiquetas, Sea el primero en etiquetar este registro!

MARC

LEADER 00000nam a22000003a 4500
001 0084517
003 SK-STU
005 20201119101728.8
007 ta
008 201119s ----xo-----e------000-0-----d
020 |a 978-0-470-62457-9 
040 |a STU  |b slo 
041 0 |a eng 
100 1 |a Mitchell, William John Thomas  |4 com 
245 1 0 |a Principles of Heating, Ventilation, and Air Conditioning in Buildings /  |c zost. William John Thomas Mitchell 
260 |b John Wiley and Sons  |c 2013 
300 |a 600 s. 
650 0 7 |a vzduchotechnika budov 
996 |b 284J046206  |c J* 118753  |l JJSK  |s A  |a 24  |w 0084517_0001